ბათუმის შოთა რუსთაველის სახელმწიფო უნივერსიტეტის ბიბლიოთეკა

Understanding communication theory : (ბიბ.ჩანაწერი № 57410)

000 -LEADER
fixed length control field 00597cam a2200181 i 4500
001 - CONTROL NUMBER
control field 18505854
005 - DATE AND TIME OF LATEST TRANSACTION
control field 20221109173935.0
008 - FIXED-LENGTH DATA ELEMENTS--GENERAL INFORMATION
fixed length control field 150225s2016 nyua b 001 0 eng
020 ## - INTERNATIONAL STANDARD BOOK NUMBER
International Standard Book Number 9780415748032x
041 ## - LANGUAGE CODE
Language code of text/sound track or separate title eng
080 ## - UNIVERSAL DECIMAL CLASSIFICATION NUMBER
Universal Decimal Classification number 316.77 C-90
100 1# - MAIN ENTRY--PERSONAL NAME
Personal name Croucher, Stephen Michael
Dates associated with a name
9 (RLIN) 8481
245 10 - TITLE STATEMENT
Title Understanding communication theory :
Remainder of title a beginner's guide /
Statement of responsibility, etc. Stephen M. Croucher.
264 #1 - PRODUCTION, PUBLICATION, DISTRIBUTION, MANUFACTURE, AND COPYRIGHT NOTICE
Place of production, publication, distribution, manufacture New York, NY :
Name of producer, publisher, distributor, manufacturer Routledge/Taylor & Francis Group,
Date of production, publication, distribution, manufacture, or copyright notice 2016.
300 ## - PHYSICAL DESCRIPTION
Extent 365 pages :
Other physical details illustrations ;
Dimensions 27 cm.
653 ## - INDEX TERM--UNCONTROLLED
keyword ტელეკომუნიკაცია
942 ## - ADDED ENTRY ELEMENTS (KOHA)
Source of classification or shelving scheme
Koha item type წიგნი
ეგზემპლარები
Withdrawn status Lost status Source of classification or shelving scheme Damaged status Not for loan Permanent Location Current Location Shelving location Date acquired Cost, normal purchase price Full call number Barcode Date last seen Copy number Price effective from Koha item type Public note
          ბათუმის შოთა რუსთაველის სახელმწიფო უნივერსიტეტის მთავარი ბიბლიოთეკა ბათუმის შოთა რუსთაველის სახელმწიფო უნივერსიტეტის მთავარი ბიბლიოთეკა წიგნსაცავი 2020-06-17 210.00 316.77 C-90 60604 2020-06-17 60604 2020-06-17 წიგნი 210 ლ.